00333nam a2200121 a 450000500170000000800410001705000200005824500280007826000320010644000340013850000250017265000140019720140513081057.0070925s19uu xx 00 eng d aVCDbAl374 2001 aAlexander Graham Bell/. aPhilippines :bNest,c2001. aThe Animated stories classics aRun time: 30 minutes aScientist